[Event "IECG TG.2005.0.15529"]
[Site "IECG email"]
[Date "2005.11.30"]
[Round "2"]
[White "Komcharukova, Marina"]
[Black "Hendershot, Paul"]
[Result "0-1"]
[WhiteElo "584"]
[BlackElo "748"]
[PlyCount "58"]
[EventDate "2005.11.30"]
[EventType "match (corr)"]
[EventRounds "2"]
[SourceTitle "Corr 2008"]
[Source "ChessBase"]
[SourceDate "2008.06.24"]
[SourceVersion "1"]
[SourceVersionDate "2008.06.24"]
[SourceQuality "1"]

1. e4 e5 2. Nf3 d6 3. Bc4 Be6 4. b3 Nf6 5. Nc3 Bxc4 6. bxc4 Nc6 7. d3 Be7 8. 0-0 0-0 9. Nd5 Nd7 10. Nxe7+ Qxe7 11. Ng5 h6 12. Nh3 f5 13. exf5 Rxf5 14. Bb2 Raf8 15. c3 Nd8 16. d4 Nc6 17. d5 Na5 18. Qe2 Nb6 19. g4 Rf3 20. Kg2 Qh4 21. Ng1 R3f4 22. f3 Naxc4 23. Bc1 R4f7 24. Be3 Nxd5 25. Bxa7 Nf4+ 26. Kh1 Nxe2 27. Nxe2 b6 28. Ng1 Ne3 29. Rfe1 Nc2 0-1